India 1996: A reference annual (Record no. 98550)

MARC details
000 -LEADER
fixed length control field 00444nam a2200157Ia 4500
008 - FIXED-LENGTH DATA ELEMENTS--GENERAL INFORMATION
fixed length control field 230917s9999||||xx |||||||||||||| ||und||
020 ## - ISBN
Price RS332
040 ## - CATALOGING SOURCE
-- 25581
Original cataloging agency VIVEKANANDA LIBRARY
041 ## - Language
-- English
082 ## - DDC NUMBER
Classification number 030.954 I2I(1996)
100 ## - MAIN ENTRY--PERSONAL NAME
Personal name India, Ministry of Information and Broadcasting
245 #0 - TITLE STATEMENT
Title India 1996: A reference annual
260 ## - PUBLICATION, DISTRIBUTION, ETC. (IMPRINT)
Place of publication, distribution, etc Delhi
Name of publisher, distributor, etc India, Ministry of Information & Broadcasting
Date of publication, distribution, etc 1997
300 ## - PHYSICAL DESCRIPTION
Pages 846 p.
942 ## - ADDED ENTRY ELEMENTS (KOHA)
Koha item type Books
Holdings
Withdrawn status Lost status Damaged status Not for loan Location (home branch) Sublocation or collection (holding branch) Date acquired Koha issues (times borrowed) Koha full call number Accession No. Koha date last seen Koha item type
        VIVEKANANDA LIBRARY VIVEKANANDA LIBRARY 29/08/2002   030.954 I2I(1996) 181665 17/09/2023 Books
© Designed and Maintained by Vivekananda Library, MDU Rohtak